[Event "ROM-ch U12 Boys"]
[Site "Voineasa"]
[Date "2008.04.13"]
[Round "3"]
[White "Linte, Petrut Florin"]
[Black "Sabau, Horea"]
[Result "1-0"]
[WhiteElo "401"]
[BlackElo "401"]
[PlyCount "43"]
[EventDate "2008.04.08"]
[EventType "swiss"]
[EventRounds "9"]
[EventCountry "ROU"]
[SourceTitle "EXT 2013"]
[Source "ChessBase"]
[SourceDate "2012.11.22"]
[SourceVersion "1"]
[SourceVersionDate "2012.11.22"]
[SourceQuality "1"]

1. d4 d5 2. Nf3 Nc6 3. Bf4 Nf6 4. e3 Bg4 5. Bb5 Qd7 6. Nbd2 Ne4 7. Ne5 Qe6 8. Nxg4 Nxd2 9. Qxd2 Qxg4 10. Bxc7 Qxg2 11. Rf1 e6 12. Qc3 Bb4 13. Qxb4 a6 14. Bxc6+ bxc6 15. Qb7 0-0 16. 0-0-0 h6 17. Rg1 Qxf2 18. Be5 f6 19. Bg3 Qxe3+ 20. Kb1 e5 21. Bh4 Rab8 22. Qxg7# 1-0